[Event "Titled Tuesday intern op 15th Aug Early"]
[Site "Chess.com INT"]
[Date "2023.08.15"]
[Round "4"]
[White "Lobanov, Sergei"]
[Black "Perdomo, Carlos Andres"]
[Result "0-1"]
[WhiteElo "2520"]
[BlackElo "2309"]
[PlyCount "114"]
[EventDate "2023.08.15"]
[EventType "swiss (blitz)"]
[EventRounds "11"]
[EventCountry "USA"]
[SourceTitle "EXT 2024"]
[Source "ChessBase"]
[SourceDate "2023.10.10"]
[SourceVersion "1"]
[SourceVersionDate "2023.10.10"]
[SourceQuality "1"]

1. d4 d5 2. c4 c6 3. Nf3 Nf6 4. e3 e6 5. b3 Nbd7 6. Bb2 Bd6 7. Bd3 Qe7 8. Nc3 dxc4 9. Bxc4 e5 10. d5 Nb6 11. dxc6 bxc6 12. Be2 0-0 13. Qc2 a5 14. Ng5 a4 15. bxa4 h6 16. h4 Bb4 17. Kf1 Bxc3 18. Bxc3 Nxa4 19. Be1 Qc5 20. Qxc5 Nxc5 21. Nf3 Re8 22. Bc3 Bg4 23. Nxe5 Bxe2+ 24. Kxe2 Na4 25. Rhc1 Nxc3+ 26. Rxc3 Rxe5 27. Rxc6 Rea5 28. Rc2 Nd5 29. Kf3 Ra4 30. g3 Nb4 31. Rc7 Rxa2 32. Rd1 R2a7 33. Rc4 Rb7 34. Rb1 Rab8 35. Rd1 Rb6 36. h5 Rf6+ 37. Kg2 Nc6 38. f4 Re6 39. Rd3 Rbe8 40. Kf3 Ne7 41. e4 Rc6 42. Rcd4 Rec8 43. e5 Nf5 44. Rd8+ Rxd8 45. Rxd8+ Kh7 46. Kg4 Ne3+ 47. Kf3 Rc3 48. Ke4 Nf1 49. g4 Ng3+ 50. Kd4 Rf3 51. f5 Rf4+ 52. Kd5 Rxg4 53. e6 Nxf5 54. exf7 Rd4+ 55. Ke5 Rxd8 56. Kxf5 Rf8 57. Ke6 g5 0-1

[Event "Titled Tuesday intern op 15th Aug Early"]
[Site "Chess.com INT"]
[Date "2023.08.15"]
[Round "2"]
[White "Perdomo, Carlos Andres"]
[Black "Martin, Lewis"]
[Result "1-0"]
[WhiteElo "2309"]
[BlackElo "2135"]
[PlyCount "115"]
[EventDate "2023.08.15"]
[EventType "swiss (blitz)"]
[EventRounds "11"]
[EventCountry "USA"]
[SourceTitle "EXT 2024"]
[Source "ChessBase"]
[SourceDate "2023.10.10"]
[SourceVersion "1"]
[SourceVersionDate "2023.10.10"]
[SourceQuality "1"]

1. c4 c6 2. Nf3 Nf6 3. Nc3 d5 4. e3 Nbd7 5. d4 e6 6. Qc2 Bd6 7. b3 0-0 8. Bb2 b6 9. Bd3 Bb7 10. 0-0 Rc8 11. Rac1 Qe7 12. Rfe1 h6 13. e4 dxe4 14. Nxe4 Nxe4 15. Bxe4 Nf6 16. Bd3 c5 17. d5 Bb8 18. Qe2 Rfe8 19. dxe6 Qxe6 20. Qxe6 Rxe6 21. Bf5 Rxe1+ 22. Rxe1 Re8 23. Bxf6 Rxe1+ 24. Nxe1 gxf6 25. f3 Kf8 26. Be4 Bc8 27. g3 Ke7 28. Nd3 f5 29. Bd5 Be6 30. Bc6 Kd6 31. Bb7 a5 32. a4 Ke7 33. f4 f6 34. Kf2 Kd6 35. Bf3 Bc7 36. Ke3 Bd8 37. Nc1 Bf7 38. Ne2 h5 39. h4 Bc7 40. Nc3 Ke7 41. Nb5 Bd8 42. Na7 Kd7 43. Nb5 Be7 44. Bd5 Be8 45. Na7 Bd8 46. Bg8 Bc7 47. Nb5 Bb8 48. Bh7 Ke6 49. Bg8+ Kd7 50. Nc3 Bg6 51. Nd5 Bd6 52. Nxb6+ Kc6 53. Nd5 Bf8 54. Nxf6 Bg7 55. Nd5 Bd4+ 56. Kf3 Be8 57. Be6 Bg6 58. Ne7+ 1-0

[Event "Titled Tuesday intern op 01st Aug Early"]
[Site "Chess.com INT"]
[Date "2023.08.01"]
[Round "11"]
[White "Hrbek, Stepan"]
[Black "Perdomo, Carlos Andres"]
[Result "1-0"]
[WhiteElo "2404"]
[BlackElo "2309"]
[PlyCount "81"]
[EventDate "2023.08.01"]
[EventType "swiss (blitz)"]
[EventRounds "11"]
[EventCountry "USA"]
[SourceTitle "EXT 2024"]
[Source "ChessBase"]
[SourceDate "2023.10.10"]
[SourceVersion "1"]
[SourceVersionDate "2023.10.10"]
[SourceQuality "1"]

1. e4 c5 2. Nf3 e6 3. d4 cxd4 4. Nxd4 Nc6 5. Nc3 a6 6. g3 Qc7 7. Bg2 Nf6 8. 0-0 Be7 9. Re1 d6 10. Nxc6 bxc6 11. e5 dxe5 12. Rxe5 Qxe5 13. Bxc6+ Bd7 14. Bxa8 0-0 15. Bf3 Bb4 16. Bd2 Rc8 17. Qe2 Qa5 18. a3 Bb5 19. Qe5 Be7 20. a4 Nd7 21. Qe1 Bc6 22. Nd5 Qd8 23. Nxe7+ Qxe7 24. Bxc6 Rxc6 25. Bc3 h6 26. Rd1 Nb6 27. Qe4 Qc7 28. Be5 Qc8 29. Qg4 Qf8 30. Rd8 g6 31. Rxf8+ Kxf8 32. a5 Nd5 33. c4 Ne7 34. Qd4 Rc8 35. Bd6 Ke8 36. Bxe7 Kxe7 37. Qa7+ Kf6 38. Qxa6 Rb8 39. Qd6 Rb3 40. a6 Rd3 41. Qxd3 1-0

[Event "Titled Tuesday intern op 01st Aug Early"]
[Site "Chess.com INT"]
[Date "2023.08.01"]
[Round "1"]
[White "Li, Hui"]
[Black "Perdomo, Carlos Andres"]
[Result "1-0"]
[WhiteElo "1988"]
[BlackElo "2309"]
[PlyCount "79"]
[EventDate "2023.08.01"]
[EventType "swiss (blitz)"]
[EventRounds "11"]
[EventCountry "USA"]
[SourceTitle "EXT 2024"]
[Source "ChessBase"]
[SourceDate "2023.10.10"]
[SourceVersion "1"]
[SourceVersionDate "2023.10.10"]
[SourceQuality "1"]

1. e4 c5 2. Nf3 e6 3. d4 cxd4 4. Nxd4 Nc6 5. Nc3 Qc7 6. Be2 Nf6 7. 0-0 a6 8. Be3 Bb4 9. Na4 Nxe4 10. Nxc6 Qxc6 11. Nb6 Rb8 12. Qd4 Be7 13. Bf3 d5 14. Bxe4 0-0 15. Nxc8 Bf6 16. Qxf6 Rbxc8 17. Bxh7+ Kxh7 18. Qh4+ Kg8 19. c3 Qb5 20. Qb4 Qxb4 21. cxb4 e5 22. Bc5 Rfe8 23. Rad1 d4 24. f4 f6 25. Rfe1 Rc6 26. fxe5 fxe5 27. Bxd4 Rc4 28. Bc3 e4 29. Re3 b5 30. Rd4 Rxd4 31. Bxd4 Re7 32. Kf2 Kf7 33. Ke2 Kg6 34. Rg3+ Kf5 35. Rxg7 Re6 36. Ke3 Rc6 37. g4+ Ke6 38. Rg6+ Kd5 39. Rxc6 Kxc6 40. Kxe4 1-0

[Event "Titled Tuesday intern op 01st Aug Early"]
[Site "Chess.com INT"]
[Date "2023.08.01"]
[Round "4"]
[White "Silva Lucena, Cristian"]
[Black "Perdomo, Carlos Andres"]
[Result "1-0"]
[WhiteElo "2292"]
[BlackElo "2309"]
[PlyCount "67"]
[EventDate "2023.08.01"]
[EventType "swiss (blitz)"]
[EventRounds "11"]
[EventCountry "USA"]
[SourceTitle "EXT 2024"]
[Source "ChessBase"]
[SourceDate "2023.10.10"]
[SourceVersion "1"]
[SourceVersionDate "2023.10.10"]
[SourceQuality "1"]

1. e4 c5 2. Nf3 e6 3. d4 cxd4 4. Nxd4 Nc6 5. Nc3 a6 6. g3 Qc7 7. Bg2 d6 8. 0-0 Bd7 9. Re1 Nf6 10. Nxc6 Bxc6 11. Nd5 Bxd5 12. exd5 e5 13. f4 Be7 14. fxe5 dxe5 15. c4 0-0 16. b3 Bd6 17. Bb2 b5 18. Rc1 bxc4 19. Rxc4 Qe7 20. Qe2 Rfe8 21. Rc6 a5 22. Qc4 Nd7 23. Kh1 f6 24. Ba3 Bxa3 25. d6+ Qf7 26. Bd5 Rf8 27. Bxf7+ Rxf7 28. Rc8+ Rxc8 29. Qxc8+ Nf8 30. Rd1 Rd7 31. Qc4+ Rf7 32. d7 Be7 33. d8Q Bxd8 34. Rxd8 1-0

[Event "Titled Tuesday intern op 10th May Early"]
[Site "Chess.com INT"]
[Date "2022.05.10"]
[Round "6"]
[White "Devaev, Alexander"]
[Black "Perdomo, Carlos Andres"]
[Result "1-0"]
[WhiteElo "2325"]
[BlackElo "2301"]
[PlyCount "89"]
[EventDate "2022.05.10"]
[EventType "swiss (blitz)"]
[EventRounds "11"]
[EventCountry "USA"]
[SourceTitle "CBM 208 Extra"]
[Source "ChessBase"]
[SourceDate "2022.07.31"]
[SourceVersion "1"]
[SourceVersionDate "2022.07.31"]
[SourceQuality "1"]

1. d4 Nf6 2. c4 e6 3. Nf3 d5 4. cxd5 exd5 5. Nc3 c6 6. Bg5 Nbd7 7. e3 Be7 8. Bd3 Nf8 9. Qc2 Ne6 10. Bxf6 Bxf6 11. 0-0 g6 12. b4 a6 13. a4 0-0 14. Rfd1 Qd6 15. Qb3 Bd7 16. b5 axb5 17. axb5 Rxa1 18. Rxa1 c5 19. Qxd5 Qxd5 20. Nxd5 Bg7 21. Ra7 cxd4 22. Rxb7 Nc5 23. Rc7 Nxd3 24. Rxd7 Ra8 25. g3 Ra1+ 26. Kg2 Ra2 27. b6 Rxf2+ 28. Kg1 Rb2 29. b7 Bf8 30. Nxd4 Nc5 31. Rd8 Rxb7 32. g4 Kg7 33. g5 Ne4 34. h4 Bc5 35. Kg2 Rb2+ 36. Kf3 Nd2+ 37. Kg4 Ne4 38. Kf4 Nd2 39. Nf6 Bf8 40. Rd7 Nc4 41. Ne6+ Kh8 42. Nxf8 Rf2+ 43. Kg3 Rf1 44. Nxg6+ fxg6 45. Rxh7# 1-0

[Event "Titled Tuesday intern op 21st Dec"]
[Site "Chess.com INT"]
[Date "2021.12.21"]
[Round "2"]
[White "Perdomo, Carlos Andres"]
[Black "Pichot, Alan"]
[Result "0-1"]
[WhiteElo "2301"]
[BlackElo "2625"]
[PlyCount "58"]
[EventDate "2021.12.21"]
[EventType "swiss (blitz)"]
[EventRounds "11"]
[EventCountry "USA"]
[SourceTitle "CBM 205 Extra"]
[Source "ChessBase"]
[SourceDate "2022.01.31"]
[SourceVersion "1"]
[SourceVersionDate "2022.01.31"]
[SourceQuality "1"]

1. Nf3 Nf6 2. c4 e6 3. Nc3 d5 4. e3 a6 5. d4 dxc4 6. Bxc4 b5 7. Bb3 Bb7 8. 0-0 c5 9. dxc5 Nbd7 10. c6 Bxc6 11. Nd4 Bb7 12. a3 Qb8 13. h3 Nc5 14. Bc2 Be7 15. b4 Ncd7 16. Bb2 0-0 17. Bb3 Ne5 18. Qe2 Qa7 19. Rac1 Rac8 20. Rfd1 Qa8 21. f3 Nc4 22. Bxc4 Rxc4 23. e4 Nh5 24. Qf2 Bg5 25. Rc2 Rd8 26. Nb1 Be3 27. Qxe3 Rxc2 28. Nxc2 Rxd1+ 29. Kh2 Qb8+ 0-1

[Event "Titled Tuesday intern op 19th Oct"]
[Site "Chess.com INT"]
[Date "2021.10.19"]
[Round "4"]
[White "Perdomo, Carlos Andres"]
[Black "Maly, Alexey"]
[Result "0-1"]
[WhiteElo "2301"]
[BlackElo "2368"]
[PlyCount "66"]
[EventDate "2021.10.19"]
[EventType "swiss (blitz)"]
[EventRounds "11"]
[EventCountry "USA"]
[SourceTitle "CBM 204 Extra"]
[Source "ChessBase"]
[SourceDate "2021.11.30"]
[SourceVersion "1"]
[SourceVersionDate "2021.11.30"]
[SourceQuality "1"]

1. c4 c5 2. Nc3 Nc6 3. g3 g6 4. Bg2 Bg7 5. e3 e6 6. Nge2 Nge7 7. 0-0 0-0 8. d4 cxd4 9. exd4 d5 10. cxd5 Nxd5 11. Nxd5 exd5 12. Nf4 Be6 13. Be3 Qb6 14. Bxd5 Bxd5 15. Nxd5 Qxb2 16. Rb1 Qxa2 17. Nc7 Rad8 18. Rxb7 Nxd4 19. Qb1 Qc4 20. Nb5 Nf3+ 21. Kg2 Qd5 22. Nc7 Ne1+ 23. Kh3 Qg2+ 24. Kg4 h5+ 25. Kg5 Qxf1 26. Qxg6 fxg6 27. Kxg6 Qd3+ 28. Kxh5 Qf5+ 29. Bg5 Nf3 30. h4 Nxg5 31. hxg5 Qh3+ 32. Kg6 Rd6+ 33. Ne6 Rxe6# 0-1

[Event "Titled Tuesday intern op 09th Feb"]
[Site "Chess.com INT"]
[Date "2021.02.09"]
[Round "5"]
[White "Perdomo, Carlos Andres"]
[Black "Gago Padreny, Ignacio"]
[Result "1-0"]
[WhiteElo "2301"]
[BlackElo "2247"]
[PlyCount "121"]
[EventDate "2021.02.09"]
[EventType "swiss (blitz)"]
[EventRounds "11"]
[EventCountry "USA"]
[SourceTitle "EXT 2022"]
[Source "ChessBase"]
[SourceDate "2021.10.06"]
[SourceVersion "1"]
[SourceVersionDate "2021.10.06"]
[SourceQuality "1"]

1. d4 d5 2. Nf3 e6 3. c4 Nf6 4. Nc3 Bb4 5. e3 0-0 6. a3 Bxc3+ 7. bxc3 c6 8. Qc2 b6 9. Bd3 Ba6 10. Nd2 Nbd7 11. 0-0 Qc8 12. Bb2 Qb7 13. Rac1 Rac8 14. Rfd1 Rfe8 15. h3 c5 16. Qb3 e5 17. Bf1 cxd4 18. cxd4 exd4 19. Bxd4 Nc5 20. Qb2 Ncd7 21. cxd5 Bxf1 22. Rxf1 Qxd5 23. Nf3 Qb7 24. Rfd1 Rxc1 25. Rxc1 Rc8 26. Rd1 h6 27. Qb3 Qc6 28. Ne5 Nxe5 29. Bxe5 Ne4 30. Bd4 Qc2 31. Qxc2 Rxc2 32. f3 Ng3 33. Be5 Nf5 34. Bd4 Ra2 35. Rd3 Nxd4 36. exd4 Kf8 37. d5 Ke7 38. Kh2 Kd6 39. Kg3 Rc2 40. Re3 Rc5 41. Kf4 Rxd5 42. Re8 g6 43. g4 Ra5 44. Rd8+ Ke7 45. Rd3 h5 46. h4 Ra4+ 47. Kg5 Ra5+ 48. Kh6 Re5 49. f4 Re4 50. gxh5 gxh5 51. Kg5 Ke6 52. f5+ Ke5 53. Kxh5 Kxf5 54. Rd7 Ra4 55. Rxf7+ Ke6 56. Rf3 b5 57. Kg5 a5 58. h5 b4 59. axb4 axb4 60. h6 Ra1 61. Rh3 1-0

[Event "Titled Tuesday intern op 19th Jan"]
[Site "Chess.com INT"]
[Date "2021.01.19"]
[Round "3"]
[White "Perdomo, Carlos Andres"]
[Black "Colbow, Collin"]
[Result "1-0"]
[WhiteElo "2301"]
[BlackElo "2339"]
[PlyCount "75"]
[EventDate "2021.01.19"]
[EventType "swiss (blitz)"]
[EventRounds "11"]
[EventCountry "USA"]
[SourceTitle "CBM 200 Extra"]
[Source "ChessBase"]
[SourceDate "2021.03.31"]
[SourceVersion "1"]
[SourceVersionDate "2021.03.31"]
[SourceQuality "1"]

1. c4 c5 2. Nc3 g6 3. g3 Bg7 4. Bg2 Nc6 5. Nf3 e5 6. 0-0 d6 7. d3 Nge7 8. a3 0-0 9. Rb1 a5 10. Nd2 Be6 11. Nd5 f5 12. e3 Rb8 13. f4 b5 14. Nxe7+ Nxe7 15. b3 d5 16. fxe5 Bxe5 17. Nf3 Bf6 18. Qc2 dxc4 19. bxc4 bxc4 20. Rxb8 Qxb8 21. dxc4 Qb6 22. Nd2 Rd8 23. e4 Nc6 24. Nf3 fxe4 25. Qxe4 Bf5 26. Qf4 Qb8 27. Nh4 Qxf4 28. Bxf4 Nd4 29. Nxf5 Nxf5 30. Bd5+ Kg7 31. Rb1 Bd4+ 32. Kg2 Re8 33. Rb7+ Kf6 34. Kf3 g5 35. Bd2 h5 36. Rb6+ Ke5 37. Bxg5 Bc3 38. Bf6# 1-0

[Event "Titled Tuesday intern op 19th Jan"]
[Site "Chess.com INT"]
[Date "2021.01.19"]
[Round "4"]
[White "Perdomo, Carlos Andres"]
[Black "Salinas Herrera, Pablo Patricio"]
[Result "1-0"]
[WhiteElo "2301"]
[BlackElo "2514"]
[PlyCount "105"]
[EventDate "2021.01.19"]
[EventType "swiss (blitz)"]
[EventRounds "11"]
[EventCountry "USA"]
[SourceTitle "CBM 200 Extra"]
[Source "ChessBase"]
[SourceDate "2021.03.31"]
[SourceVersion "1"]
[SourceVersionDate "2021.03.31"]
[SourceQuality "1"]

1. c4 e5 2. Nc3 Bc5 3. e3 d6 4. Nge2 a6 5. d4 Ba7 6. dxe5 dxe5 7. Qxd8+ Kxd8 8. b3 Be6 9. Bb2 Nd7 10. 0-0-0 Ne7 11. Ng3 f6 12. Bd3 Ke8 13. Rd2 Rd8 14. h3 Kf7 15. Rhd1 g6 16. Be4 c6 17. Bf3 f5 18. Na4 Kf6 19. Ne2 b5 20. Nf4 bxa4 21. Rd6 Nc5 22. Rxd8 Rxd8 23. Rxd8 axb3 24. axb3 Nxb3+ 25. Kc2 Bxc4 26. Rd6+ Kf7 27. Bxe5 Nc5 28. Bxc6 Bb3+ 29. Kc3 Ba2 30. Rf6+ Kg8 31. Bd6 Nxc6 32. Bxc5 Bxc5 33. Rxc6 Bf8 34. Rxa6 Bf7 35. Ra8 Kg7 36. Ra7 Kf6 37. Kd2 Bb4+ 38. Ke2 Bd6 39. Ra6 Ke7 40. Ra7+ Kf6 41. Nd3 Bf8 42. Kd2 h6 43. f4 g5 44. Ne5 Be6 45. Ra6 Bb4+ 46. Kd3 Ke7 47. g4 Bd6 48. Ra7+ Kf6 49. Ra5 gxf4 50. exf4 Bb4 51. Rb5 Be7 52. Rb6 Bc5 53. Nd7+ 1-0

[Event "Titled Tuesday intern op 19th Jan"]
[Site "Chess.com INT"]
[Date "2021.01.19"]
[Round "7"]
[White "Perdomo, Carlos Andres"]
[Black "Skurikhin, Dmitrij"]
[Result "0-1"]
[WhiteElo "2301"]
[BlackElo "2297"]
[PlyCount "90"]
[EventDate "2021.01.19"]
[EventType "swiss (blitz)"]
[EventRounds "11"]
[EventCountry "USA"]
[SourceTitle "CBM 200 Extra"]
[Source "ChessBase"]
[SourceDate "2021.03.31"]
[SourceVersion "1"]
[SourceVersionDate "2021.03.31"]
[SourceQuality "1"]

1. e4 c6 2. d4 d5 3. Nc3 dxe4 4. Nxe4 Bf5 5. Ng3 Bg6 6. N1e2 e6 7. Nf4 Bd6 8. h4 Bxf4 9. Bxf4 h6 10. c3 Nf6 11. h5 Bh7 12. Bd3 Bxd3 13. Qxd3 Nbd7 14. 0-0-0 Qa5 15. Kb1 0-0 16. Bc1 Rad8 17. Qe2 c5 18. dxc5 Qxc5 19. Nf1 Ne5 20. Ne3 Qc6 21. g4 Qe4+ 22. Ka1 Rxd1 23. Rxd1 Nfxg4 24. Rd4 Qh1 25. Rd1 Qe4 26. Rg1 Nxe3 27. Bxe3 Kh8 28. a3 a6 29. Ka2 Rd8 30. Rxg7 Qd5+ 31. c4 Nxc4 32. Bxh6 Nd2+ 33. Ka1 Nb3+ 34. Kb1 Qf5+ 35. Ka2 Nc1+ 36. Bxc1 Kxg7 37. h6+ Kh7 38. Be3 b5 39. Qe1 Qd5+ 40. Kb1 Qd1+ 41. Qxd1 Rxd1+ 42. Kc2 Rd5 43. Kc3 e5 44. Kb4 f5 45. Ka5 f4 0-1

[Event "Titled Tuesday intern op 12th Jan"]
[Site "Chess.com INT"]
[Date "2021.01.12"]
[Round "2"]
[White "Cardoso Cardoso, Jose Gabriel"]
[Black "Perdomo, Carlos Andres"]
[Result "0-1"]
[WhiteElo "2407"]
[BlackElo "2301"]
[PlyCount "114"]
[EventDate "2021.01.12"]
[EventType "swiss (blitz)"]
[EventRounds "11"]
[EventCountry "USA"]
[SourceTitle "CBM 200 Extra"]
[Source "ChessBase"]
[SourceDate "2021.03.31"]
[SourceVersion "1"]
[SourceVersionDate "2021.03.31"]
[SourceQuality "1"]

1. d4 d5 2. c4 e6 3. Nc3 Nf6 4. cxd5 exd5 5. Bg5 c6 6. e3 Nbd7 7. Bd3 Be7 8. Qc2 Nf8 9. Nge2 g6 10. 0-0 Ne6 11. Bh4 Ng7 12. f3 Nfh5 13. Bf2 f5 14. e4 fxe4 15. fxe4 dxe4 16. Bc4 Be6 17. Bxe6 Nxe6 18. Qxe4 Qd7 19. d5 Ng5 20. dxc6 Qxc6 21. Qxc6+ bxc6 22. Nd4 Rc8 23. Rfe1 Kd7 24. Rad1 Bd6 25. h4 Nf7 26. Ne4 Rhe8 27. g4 Rxe4 28. Rxe4 Nf6 29. Re2 Nxg4 30. Nf3 Kc7 31. Kg2 a6 32. Bg3 Bxg3 33. Re7+ Kb6 34. Kxg3 Ngh6 35. Kf2 Rf8 36. Rdd7 Nd8 37. Ke2 Nf5 38. Rxh7 Ne6 39. Rb7+ Kc5 40. Kd3 Nf4+ 41. Kc3 Nd5+ 42. Kb3 Nd6 43. Ne5 Nxb7 44. Nd7+ Kd4 45. Nxf8 Nc5+ 46. Kc2 Nb4+ 47. Kb1 Ne4 48. Nxg6 Nd3 49. b3 Kc3 50. a3 Nd2+ 51. Ka2 Nxb3 52. a4 Ndc1+ 53. Kb1 Nd3 54. Ne7 Nd2+ 55. Ka2 Nb4+ 56. Ka1 Kc2 57. Rh5 Nb3# 0-1

[Event "Titled Tuesday intern op 12th Jan"]
[Site "Chess.com INT"]
[Date "2021.01.12"]
[Round "5"]
[White "Novikova, Galina"]
[Black "Perdomo, Carlos Andres"]
[Result "0-1"]
[WhiteElo "2073"]
[BlackElo "2301"]
[PlyCount "70"]
[EventDate "2021.01.12"]
[EventType "swiss (blitz)"]
[EventRounds "11"]
[EventCountry "USA"]
[SourceTitle "CBM 200 Extra"]
[Source "ChessBase"]
[SourceDate "2021.03.31"]
[SourceVersion "1"]
[SourceVersionDate "2021.03.31"]
[SourceQuality "1"]

1. e4 c5 2. Nf3 e6 3. d4 cxd4 4. Nxd4 a6 5. Nc3 Nf6 6. Be2 Qc7 7. 0-0 Nc6 8. Be3 Bb4 9. Nxc6 bxc6 10. Bd3 d5 11. exd5 cxd5 12. Qf3 0-0 13. Bg5 Bxc3 14. bxc3 Nd7 15. Qh5 f5 16. Rfe1 Qxc3 17. Be7 Rf7 18. Bd6 Qc6 19. Rxe6 Nf6 20. Rxf6 Rxf6 21. Be5 Rg6 22. Bxf5 Bxf5 23. Qxf5 Rf8 24. Qd3 Re8 25. Bg3 Rge6 26. h3 Qc4 27. Qf5 Qe4 28. Qg5 Rg6 29. Qh5 Rc8 30. Rd1 d4 31. Qa5 Rgc6 32. Qa3 Qxc2 33. Rf1 Qc4 34. Qe7 d3 35. Be5 Rg6 0-1

[Event "Titled Tuesday intern op 12th Jan"]
[Site "Chess.com INT"]
[Date "2021.01.12"]
[Round "11"]
[White "Ronka, Erik"]
[Black "Perdomo, Carlos Andres"]
[Result "0-1"]
[WhiteElo "2303"]
[BlackElo "2301"]
[PlyCount "58"]
[EventDate "2021.01.12"]
[EventType "swiss (blitz)"]
[EventRounds "11"]
[EventCountry "USA"]
[SourceTitle "CBM 200 Extra"]
[Source "ChessBase"]
[SourceDate "2021.03.31"]
[SourceVersion "1"]
[SourceVersionDate "2021.03.31"]
[SourceQuality "1"]

1. e4 c5 2. Nf3 e6 3. d4 cxd4 4. Nxd4 a6 5. Nc3 Qc7 6. Qf3 Nf6 7. Bg5 Be7 8. 0-0-0 Nc6 9. Be2 Nxd4 10. Rxd4 Qe5 11. Be3 b5 12. a3 Bb7 13. Qh3 Rc8 14. f4 Qb8 15. Rhd1 Rxc3 16. bxc3 Bxa3+ 17. Kb1 Bxe4 18. Bd3 Bxd3 19. R1xd3 d5 20. f5 e5 21. Rxd5 Nxd5 22. Rxd5 Qc7 23. f6 gxf6 24. Qf5 Be7 25. Bc5 Bxc5 26. Qxf6 Rg8 27. Rxe5+ Be7 28. Qxa6 Qxe5 29. Qxb5+ Qxb5+ 0-1

[Event "Titled Tuesday intern op 15st Dec"]
[Site "Chess.com INT"]
[Date "2020.12.15"]
[Round "1"]
[White "Berke, Ana"]
[Black "Perdomo, Carlos Andres"]
[Result "0-1"]
[WhiteElo "2188"]
[BlackElo "2301"]
[PlyCount "44"]
[EventDate "2020.12.15"]
[EventType "swiss (blitz)"]
[EventRounds "11"]
[EventCountry "USA"]
[SourceTitle "CBM 199 Extra"]
[Source "ChessBase"]
[SourceDate "2021.01.31"]
[SourceVersion "1"]
[SourceVersionDate "2021.01.31"]
[SourceQuality "1"]

1. e4 c5 2. Nf3 e6 3. c4 b6 4. Nc3 Bb7 5. d4 cxd4 6. Nxd4 d6 7. Be2 Nd7 8. 0-0 a6 9. a4 Rc8 10. b3 Ngf6 11. f3 Be7 12. Be3 0-0 13. Qd2 d5 14. cxd5 exd5 15. exd5 Bb4 16. Nc6 Bxc6 17. dxc6 Rxc6 18. Rac1 Qc8 19. Bd4 Re8 20. Rfe1 Rd6 21. Bc4 Rxd4 22. Rxe8+ Qxe8 0-1

[Event "Titled Tuesday intern op 15st Dec"]
[Site "Chess.com INT"]
[Date "2020.12.15"]
[Round "7"]
[White "Perdomo, Carlos Andres"]
[Black "Manukian, Artak"]
[Result "1-0"]
[WhiteElo "2301"]
[BlackElo "2196"]
[PlyCount "65"]
[EventDate "2020.12.15"]
[EventType "swiss (blitz)"]
[EventRounds "11"]
[EventCountry "USA"]
[SourceTitle "CBM 199 Extra"]
[Source "ChessBase"]
[SourceDate "2021.01.31"]
[SourceVersion "1"]
[SourceVersionDate "2021.01.31"]
[SourceQuality "1"]

1. d4 Nf6 2. Nf3 e6 3. c4 c5 4. d5 exd5 5. cxd5 d6 6. Nc3 a6 7. a4 g6 8. e4 Bg7 9. Be2 0-0 10. 0-0 Re8 11. Nd2 h5 12. f3 Nbd7 13. Nc4 Ne5 14. Nxe5 dxe5 15. a5 Bd7 16. Be3 Rc8 17. Qb3 Qc7 18. Na4 Bxa4 19. Rxa4 Nd7 20. Rc1 Rb8 21. Qa2 Bf8 22. Rac4 Qd6 23. b3 Rec8 24. Qc2 Kh7 25. b4 Bh6 26. Bxh6 Kxh6 27. bxc5 Qf6 28. Qd2+ Qg5 29. Qxg5+ Kxg5 30. c6 bxc6 31. Rxc6 Rxc6 32. dxc6 Nf6 33. c7 1-0

[Event "Titled Tuesday intern op 17th Nov"]
[Site "Chess.com INT"]
[Date "2020.11.17"]
[Round "9"]
[White "Ioannidis, Evgenios"]
[Black "Perdomo, Carlos Andres"]
[Result "1-0"]
[WhiteElo "2411"]
[BlackElo "2301"]
[PlyCount "99"]
[EventDate "2020.11.17"]
[EventType "swiss (blitz)"]
[EventRounds "11"]
[EventCountry "USA"]
[SourceTitle "CBM 199 Extra"]
[Source "ChessBase"]
[SourceDate "2021.01.31"]
[SourceVersion "1"]
[SourceVersionDate "2021.01.31"]
[SourceQuality "1"]

1. d4 d5 2. c4 e6 3. Nc3 Nf6 4. cxd5 exd5 5. Bg5 Nbd7 6. e3 c6 7. Bd3 Be7 8. Nge2 Nf8 9. 0-0 Ne6 10. Bh4 g6 11. f3 Nh5 12. Bf2 f5 13. a3 0-0 14. b4 f4 15. e4 dxe4 16. Nxe4 Nc7 17. Re1 Be6 18. Qc2 Bd5 19. Nc5 b6 20. Ne4 Qd7 21. N2c3 Bf7 22. Rac1 Rac8 23. Qa4 Nd5 24. Nxd5 Bxd5 25. Nc3 Bf7 26. d5 Bf6 27. Ba6 Rc7 28. dxc6 Qxc6 29. Qxc6 Rxc6 30. Nb5 Rxc1 31. Rxc1 Ng7 32. Nxa7 Bb2 33. Rb1 Bxa3 34. Bxb6 Nf5 35. Nc6 Bd5 36. Ne5 Re8 37. Nd3 g5 38. Kf2 Ne3 39. Bc5 Ra8 40. Bb5 Nc2 41. Bd7 Rb8 42. b5 Bxc5+ 43. Nxc5 Nd4 44. b6 Bc6 45. Na6 Rb7 46. Bc8 Re7 47. b7 Bxb7 48. Bxb7 Re2+ 49. Kf1 Ra2 50. Bd5+ 1-0

[Event "Titled Tuesday intern op 17th Nov"]
[Site "Chess.com INT"]
[Date "2020.11.17"]
[Round "8"]
[White "Perdomo, Carlos Andres"]
[Black "Audi, Ameya"]
[Result "0-1"]
[WhiteElo "2301"]
[BlackElo "2378"]
[PlyCount "70"]
[EventDate "2020.11.17"]
[EventType "swiss (blitz)"]
[EventRounds "11"]
[EventCountry "USA"]
[SourceTitle "CBM 199 Extra"]
[Source "ChessBase"]
[SourceDate "2021.01.31"]
[SourceVersion "1"]
[SourceVersionDate "2021.01.31"]
[SourceQuality "1"]

1. c4 e6 2. Nf3 d5 3. d4 Nf6 4. Nc3 Be7 5. Bg5 h6 6. Bxf6 Bxf6 7. e3 0-0 8. cxd5 exd5 9. Qc2 c6 10. b4 Nd7 11. a4 Be7 12. Bd3 Bxb4 13. 0-0 Nf6 14. Ne5 Ng4 15. Ne2 Bd6 16. Nxg4 Bxg4 17. Ng3 Bxg3 18. hxg3 Rc8 19. Rfb1 Rc7 20. a5 a6 21. Rb6 Bc8 22. Rab1 g6 23. Bxg6 fxg6 24. Qxg6+ Rg7 25. Qxh6 Qe8 26. R1b2 Qe7 27. Qh5 Rh7 28. Qd1 Qf6 29. Qd3 Qh6 30. f4 Qh2+ 31. Kf2 Rg7 32. e4 Rxf4+ 33. gxf4 Rxg2+ 34. Ke1 Qh4+ 35. Kf1 Qh1# 0-1